Drawing Distinctions : The Varieties of Graphic Expression /

保存先:
書誌詳細
第一著者: Maynard, Patrick (autor)
フォーマット: 図書
言語:英語
出版事項: Ithaca, EUA : Cornell University, 2005, c2005
主題:
タグ: タグ追加
タグなし, このレコードへの初めてのタグを付けませんか!

MARC

LEADER 00000nam^a2200000^a^4500
001 000185224
005 20250521000000.0
009 20260310102144.342
020 |a 0-8014-7280-6 
037 |a Acervo ITESO - Biblioteca 
041 |a ING 
082 |a 741. 01  |b MAY 
100 |a Maynard, Patrick  |e (autor) 
245 1 0 |a Drawing Distinctions :  |b The Varieties of Graphic Expression /  |c P. Maynard. 
264 4 |a Ithaca, EUA :  |b Cornell University,  |c 2005, c2005 
300 |a XXIII, 266 p. 
336 |a texto  |b txt  |2 rdacontenido 
337 |a sin mediación  |b n  |2 rdamedio 
338 |a volumen  |b nc  |2 rdasoporte 
649 |a XX 
650 |a Dibujo -  |x Técnica 
650 |a Dibujo -  |x Filosofía 
650 |a Diseño Gráfico 
650 |a Comunicación Visual 
650 |a Estética 
650 |a Arte 
910 |a Fondo General 
920 |a Impresos - Libros 
930 |a Colección General 
905 |a 101 
901 |a 0500126188  |b IT1  |c ACC  |u 20250521 
902 |a https://opac.biblio.iteso.mx/vufind/Record/000185224